Oeuvres Complètes
Đã lưu trong:
| Những tác giả chính: | , , |
|---|---|
| Định dạng: | Sách |
| Ngôn ngữ: | Tiếng La-tinh Tiếng Pháp |
| Được phát hành: |
París
Chez Firmin Didot et Cie
1879
|
| Phiên bản: | 1a. ed |
| Loạt: | Colecction des Auteurs Latins, 27
|
| Những chủ đề: | |
| Các nhãn: |
Thêm thẻ
Không có thẻ, Là người đầu tiên thẻ bản ghi này!
|
MARC
| LEADER | 00000nam a2200000 a 4500 | ||
|---|---|---|---|
| 001 | UCJ8520 | ||
| 003 | CL-VaPUC | ||
| 008 | 070124e18790000FR |||||||||||||||||lat|d | ||
| 041 | 0 | 7 | |a lat |2 CL-VaPUC |
| 041 | 0 | 7 | |a fre |2 CL-VaPUC |
| 082 | 0 | 4 | |a 870 |b PLA |2 21 |
| 100 | 0 | |a Plauto, Tito Maccio |e author |9 517308 | |
| 700 | 0 | |a Terencio Afro, Publio |e author |9 517309 | |
| 700 | |a Séneca, Lucio Anneo |e author |9 313328 | ||
| 245 | 1 | 0 | |a Oeuvres Complètes |
| 250 | |a 1a. ed | ||
| 300 | |a pág. irreg | ||
| 942 | |c BK | ||
| 945 | |d 20070124 00:00:00 |a rinostro | ||
| 260 | |a París |b Chez Firmin Didot et Cie |c 1879 | ||
| 500 | |a Ex libris de Blanca Vergara Errázuriz, de la familia de los Vergara que fundaron la ciudad de Viña del Mar | ||
| 600 | 0 | 7 | |a VERGARA ERRAZURIZ, BLANCA |2 CL-VaPUC |9 517310 |
| 650 | 7 | |a CLASICOS LATINOS |2 CL-VaPUC |9 505304 | |
| 650 | 0 | |a Literatura latina |9 258055 | |
| 650 | 7 | |a TEATRO LATINO |2 CL-VaPUC |9 265080 | |
| 650 | 7 | |a BIOGRAFIA |2 CL-VaPUC |9 504622 | |
| 650 | 7 | |a EX LIBRIS |2 CL-VaPUC |9 505186 | |
| 583 | |a last modification |c 20190801 09:42:10 |k Rodrigo Vera | ||
| 490 | 0 | |a Colecction des Auteurs Latins, 27 | |
| 999 | |c 324205 |d 324203 | ||
| 952 | |0 0 |1 0 |4 0 |6 870_000000000000000_PLA_1879 |7 0 |8 X |9 404174 |a FDOBUD |b FDOBUD |d 2019-11-22 |i 1079166 |o 870 PLA 1879 |p 1079166 |r 2019-11-22 |w 2019-11-22 |y BK_X |k BUD | ||